000 00419nam a2200169Ia 4500
008 180921t2016 xxu||||| |||| 00| 1 sin d
041 _asin
080 _aX8C31
_bAMA
100 _aAmarasekara, Gunadasa
245 _aරතු රෝස මල
246 _aRathu Rosa Mala
260 _bGunasena
_aColombo
_c2016
300 _a196p., 18cm
942 _cBK
999 _c8363
_d8363
003 LK-CoDNM
040 _aLK-CoDNM
_dLK-CoDNM
_eLK-CoDNM